Developments in adjudication (Record no. 82464)
[ view plain ]
| 000 -LEADER | |
|---|---|
| fixed length control field | 00927cad a22002055a 4500 |
| 001 - CONTROL NUMBER | |
| control field | L150334 |
| 008 - FIXED-LENGTH DATA ELEMENTS--GENERAL INFORMATION | |
| fixed length control field | 100701s2010 xxk f 000 0 eng d |
| 035 ## - SYSTEM CONTROL NUMBER | |
| System control number | (Sirsi) u150334 |
| 041 0# - LANGUAGE CODE | |
| Language code of text/sound track or separate title | eng |
| 100 1# - MAIN ENTRY--PERSONAL NAME | |
| Personal name | Gorrod, Jim |
| 245 00 - TITLE STATEMENT | |
| Title | Developments in adjudication |
| Remainder of title | recent changes in the law have helped the construction industry keep its quarrels out of court |
| Medium | [electronic resource] |
| 260 ## - PUBLICATION, DISTRIBUTION, ETC. | |
| Date of publication, distribution, etc. | 2010 |
| 490 ## - SERIES STATEMENT | |
| Series statement | RICS Business |
| Volume/sequential designation | June 2010, 37(1) |
| 520 ## - SUMMARY, ETC. | |
| Summary, etc. | The construction industry has adopted the process of adjudication as the preferred method of resolving disputes; outlines the process; enforcement. |
| 590 ## - LOCAL NOTE (RLIN) | |
| Local note | KA |
| 651 #4 - SUBJECT ADDED ENTRY--GEOGRAPHIC NAME | |
| Geographic name | England and Wales |
| Chronological subdivision | 1543- |
| 690 ## - LOCAL SUBJECT ADDED ENTRY--TOPICAL TERM (OCLC, RLIN) | |
| Topical term or geographic name as entry element | BUILT ENVIRONMENT-CONSTRUCTION MANAGEMENT-BUILDING CONTRACT ADMINISTRATION |
| 856 48 - ELECTRONIC LOCATION AND ACCESS | |
| Uniform Resource Identifier | <a href="https://www.ricsbusiness.com/index.php/feature/article/adjudication_jun10/">https://www.ricsbusiness.com/index.php/feature/article/adjudication_jun10/</a> |
| Public note | View this item (member-only access) at www.ricsbusiness.com |
| 942 ## - ADDED ENTRY ELEMENTS (KOHA) | |
| Suppress in OPAC | 0 |
| Withdrawn status | Lost status | Source of classification or shelving scheme | Damaged status | Not for loan | Home library | Current library | Shelving location | Date acquired | Total Checkouts | Full call number | Barcode | Date last seen | Copy number | Price effective from | Koha item type |
|---|---|---|---|---|---|---|---|---|---|---|---|---|---|---|---|
| Dewey Decimal Classification | London | London | Journal article | 01/07/2010 | L150334 | 150334-1001 | 06/08/2019 | 1 | 06/08/2019 | Journal article | |||||
| Dewey Decimal Classification | Virtual | Virtual | Online | 08/07/2010 | ONLINE PUBLICATION | 150334-2001 | 06/08/2019 | 1 | 06/08/2019 | Journal article |